Study skills: using books and libraries : (Record no. 112698)
[ view plain ]
| 000 -LEADER | |
|---|---|
| fixed length control field | 00801nam a2200241 a 4500 |
| 001 - CONTROL NUMBER | |
| control field | 1127 |
| 005 - DATE AND TIME OF LATEST TRANSACTION | |
| control field | 20140414131947.0 |
| 008 - FIXED-LENGTH DATA ELEMENTS--GENERAL INFORMATION | |
| fixed length control field | 041021s19uu xx 00 eng d |
| 020 ## - INTERNATIONAL STANDARD BOOK NUMBER | |
| International Standard Book Number | 0-88309-651-X |
| 050 ## - LIBRARY OF CONGRESS CALL NUMBER | |
| Classification number | TR 025.5 |
| Item number | R61 1991 |
| 100 ## - MAIN ENTRY--PERSONAL NAME | |
| Personal name | Rodgers, Molly |
| 245 ## - TITLE STATEMENT | |
| Title | Study skills: using books and libraries : |
| Statement of responsibility, etc | Molly Rodgers & Linda Zimmer. |
| Remainder of title | introductory level / |
| 260 ## - PUBLICATION, DISTRIBUTION, ETC. (IMPRINT) | |
| Place of publication, distribution, etc | Columbus, Ohio : |
| Name of publisher, distributor, etc | Essential Learning Products, |
| Date of publication, distribution, etc | 1991. |
| 300 ## - PHYSICAL DESCRIPTION | |
| Extent | 96 p. ; cm. |
| 440 ## - SERIES STATEMENT/ADDED ENTRY--TITLE | |
| Title | Essential Learning Products |
| 500 ## - GENERAL NOTE | |
| General note | Contents: Dictionary skills--Parts of the book--Kinds of books--Library skills. |
| 650 ## - SUBJECT ADDED ENTRY--TOPICAL TERM | |
| Topical term or geographic name as entry element | Library instruction |
| General subdivision | Juvenile literature. |
| 650 ## - SUBJECT ADDED ENTRY--TOPICAL TERM | |
| Topical term or geographic name as entry element | Library skills |
| General subdivision | Juvenile literature. |
| Withdrawn status | Lost status | Damaged status | Home library | Current library | Shelving location | Date acquired | Source of acquisition | Total Checkouts | Full call number | Barcode | Date last seen | Price effective from | Koha item type |
|---|---|---|---|---|---|---|---|---|---|---|---|---|---|
| Munich Library | Munich Library | Teachers Reference Section | 10/21/2004 | TR 025.5 R61 1991 | M4079 | 04/14/2014 | 04/14/2014 | Books | |||||
| Munich Library | Munich Library | Teachers Reference Section | 10/21/2004 | TR 025.5 R61 1991 | M4078 | 04/14/2014 | 04/14/2014 | Books | |||||
| Munich Library | Munich Library | Teachers Reference Section | 10/21/2004 | TR 025.5 R61 1991 | M4077 | 04/14/2014 | 04/14/2014 | Books | |||||
| Munich Library | Munich Library | Teachers Reference Section | 01/31/2011 | TR 025.5 R61 1991 | M4076 | 04/14/2014 | 04/14/2014 | Books |